[Event "XXII Festival Conca della Presolana Magistrale"]
[Site "Bratto - Castione della Presolana ITA"]
[Date "2002.08.25"]
[Round "6"]
[White "Cazzaniga, Walter"]
[Black "Schuurman, Petra"]
[Result "0-1"]
[WhiteElo "2121"]
[BlackElo "2272"]
[PlyCount "80"]
[EventDate "2002.08.20"]

1.d4 Nf6 2.c4 c5 3.Nf3 cxd4 4.Nxd4 e5 5.Nc2 d5 6.cxd5 Qxd5 7.Qxd5 Nxd5 8.
Bd2 Nc6 9.Nc3 Be6 10.g3 Nxc3 11.Bxc3 f6 12.Bg2 O-O-O 13.O-O Bc5 14.Rfc1 
Bb6 15.a4 Kb8 16.a5 Bd4 17.a6 Bd5 18.axb7 Kxb7 19.Ra4 Bb6 20.e3 h5 21.h4 
Rhe8 22.Nb4 Bxg2 23.Kxg2 Nxb4 24.Rxb4 g6 25.Kf3 f5 26.Rb5 e4+ 27.Kf4 Rc8 
28.Rd1 Re6 29.Rbd5 Kc6 30.Rd7 Bc5 31.Rf7 Be7 32.Rd4 Rb8 33.Ra4 Rb7 34.Rg7 
Bd6+ 35.Kg5 Be7+ 36.Kh6 Bf8 37.Ra6+ Kd5 38.Ra5+ Kc4 39.Ra4+ Kd3 40.Rd4+ 
Ke2 0-1

[Event "XXII Festival Conca della Presolana Magistrale"]
[Site "Bratto - Castione della Presolana ITA"]
[Date "2002.08.25"]
[Round "6"]
[White "Cebalo, Miso"]
[Black "Sedina, Elena"]
[Result "1-0"]
[WhiteElo "2548"]
[BlackElo "2416"]
[PlyCount "79"]
[EventDate "2002.08.20"]

1.d4 Nf6 2.c4 c6 3.Nc3 d5 4.Nf3 dxc4 5.a4 Bf5 6.Ne5 Nbd7 7.Nxc4 Qc7 8.g3 
e5 9.dxe5 Nxe5 10.Bf4 Nfd7 11.Bg2 f6 12.O-O Nc5 13.Ne3 Bg6 14.b4 Ne6 15.a5
Rd8 16.Qa4 Bd6 17.Bxe5 Bxe5 18.Rac1 O-O 19.a6 Bxc3 20.Rxc3 Nd4 21.Re1 b5 
22.Qa1 Qb6 23.Rc5 Bf7 24.Qc3 Rd6 25.Nc2 Nxc2 26.Qxc2 Bc4 27.Be4 h6 28.Rd1 
Rxd1+ 29.Qxd1 Rd8 30.Qc2 Qxa6 31.Rxc6 Qa1+ 32.Kg2 Qe1 33.Bf3 Bf7 34.Rc8 
Rxc8 35.Qxc8+ Kh7 36.Be4+ Bg6 37.Bd5 h5 38.Qg8+ Kh6 39.Qh8+ Kg5 40.f4+ 1-0

[Event "XXII Festival Conca della Presolana Magistrale"]
[Site "Bratto - Castione della Presolana ITA"]
[Date "2002.08.25"]
[Round "6"]
[White "Contin, Daniel"]
[Black "Godena, Michele"]
[Result "1/2-1/2"]
[WhiteElo "2334"]
[BlackElo "2488"]
[PlyCount "37"]
[EventDate "2002.08.20"]

1.Nf3 d5 2.b3 Bg4 3.e3 Nd7 4.Bb2 c6 5.Be2 Qc7 6.c4 dxc4 7.bxc4 e5 8.Nc3 
Ngf6 9.Qc2 Bd6 10.d3 Rd8 11.h3 Bh5 12.g4 Bg6 13.Nh4 Nc5 14.Nxg6 hxg6 15.
O-O-O Ne6 16.h4 g5 17.hxg5 Rxh1 18.Rxh1 Nxg5 19.Kb1 1/2-1/2

[Event "XXII Festival Conca della Presolana Magistrale"]
[Site "Bratto - Castione della Presolana ITA"]
[Date "2002.08.25"]
[Round "6"]
[White "Cugini, Verter"]
[Black "Antognini, Francesco"]
[Result "1-0"]
[WhiteElo "2231"]
[BlackElo "2094"]
[PlyCount "95"]
[EventDate "2002.08.20"]

1.e4 e6 2.d4 d5 3.Nd2 Nf6 4.e5 Nfd7 5.Bd3 c5 6.c3 Nc6 7.Ne2 Qb6 8.Nf3 cxd4
9.cxd4 f6 10.exf6 Nxf6 11.O-O Bd6 12.Bd2 O-O 13.Bc3 Ng4 14.Ng3 e5 15.dxe5 
Bc5 16.Qc2 Nxf2 17.Rxf2 Bxf2+ 18.Qxf2 Qxf2+ 19.Kxf2 d4 20.Be1 Nxe5 21.Rd1 
Be6 22.Be4 Rad8 23.b3 b6 24.Kg1 Bg4 25.Bb4 Nxf3+ 26.gxf3 Bxf3 27.Rf1 Bxe4 
28.Rxf8+ Rxf8 29.Bxf8 Bb1 30.Bd6 Bxa2 31.b4 Kf7 32.Be5 d3 33.Kf2 a5 34.Ke3
Bc4 35.bxa5 bxa5 36.Ne4 Ba6 37.Nc3 g5 38.Bc7 h5 39.Bxa5 Kg6 40.Ne4 Kf5 41.
Bd8 g4 42.Bh4 Ke5 43.Ng3 Kd5 44.Nxh5 Kc4 45.Be1 Bb5 46.Nf4 Be8 47.Nxd3 Kd5
48.Kf4 1-0

[Event "XXII Festival Conca della Presolana Magistrale"]
[Site "Bratto - Castione della Presolana ITA"]
[Date "2002.08.25"]
[Round "6"]
[White "Del Dotto, Riccardo"]
[Black "Del Rio Angelis, Salvador Gabriel"]
[Result "0-1"]
[WhiteElo "2199"]
[BlackElo "2504"]
[PlyCount "108"]
[EventDate "2002.08.20"]

1.e4 e6 2.d3 d5 3.Nd2 Nf6 4.g3 Nc6 5.Bg2 dxe4 6.dxe4 e5 7.Ngf3 Bc5 8.O-O 
O-O 9.c3 a5 10.Qc2 Be6 11.Ng5 Bg4 12.Nc4 Ne8 13.Nf3 f6 14.Be3 Bxe3 15.Nxe3
Be6 16.Nh4 Qe7 17.Nd5 Qc5 18.Rfd1 Nd8 19.Qe2 Rf7 20.Nf5 Rd7 21.Nde7+ Rxe7 
22.b4 axb4 23.cxb4 Qxb4 24.a3 Rxa3 25.Nxe7+ Qxe7 26.Rxa3 Qxa3 27.Rxd8 Qe7 
28.Rb8 b6 29.Bf1 g6 30.Qb5 Kf7 31.Qc6 Nd6 32.Qa8 Kg7 33.h4 f5 34.exf5 Nxf5
35.Qe4 Qc5 36.Qd3 Nd4 37.Qe4 Qd6 38.h5 Bd5 39.h6+ Kxh6 40.Qh4+ Kg7 41.Bg2 
Bxg2 42.Kxg2 Qc6+ 43.Kf1 Qb5+ 44.Kg2 Qc6+ 45.Kf1 Qc4+ 46.Kg2 Qd5+ 47.Kf1 
Nf5 48.Qb4 Qh1+ 49.Ke2 Kh6 50.Rh8 Nd4+ 51.Kd2 c5 52.Qc3 Qd5 53.Ke1 Kg7 54.
Rc8 Qe4+ 0-1

[Event "XXII Festival Conca della Presolana Magistrale"]
[Site "Bratto - Castione della Presolana ITA"]
[Date "2002.08.25"]
[Round "6"]
[White "Giretti Kanev, Jasen"]
[Black "Lovati, Paolo"]
[Result "1-0"]
[WhiteElo "2193"]
[BlackElo "2057"]
[PlyCount "65"]
[EventDate "2002.08.20"]

1.Nf3 d5 2.d4 c5 3.e3 e6 4.c4 Nf6 5.Nc3 Nc6 6.Be2 dxc4 7.O-O Be7 8.Bxc4 
O-O 9.a3 cxd4 10.exd4 a6 11.b4 b5 12.Bb3 Bb7 13.h3 Qc7 14.Qd3 Rac8 15.Bd2 
Rfd8 16.Rac1 Qb8 17.Rfe1 Rd7 18.Bg5 Rcd8 19.d5 Nxd5 20.Nxd5 Rxd5 21.Bxd5 
Rxd5 22.Qe3 Bxg5 23.Nxg5 Ne5 24.Qg3 h6 25.Ne4 Rd3 26.Nf6+ Kh8 27.Qxe5 Qxe5
28.Rxe5 gxf6 29.Rec5 Bd5 30.R1c3 Rd1+ 31.Kh2 Rd2 32.Rc8+ Kh7 33.Rg3 1-0

[Event "XXII Festival Conca della Presolana Magistrale"]
[Site "Bratto - Castione della Presolana ITA"]
[Date "2002.08.25"]
[Round "6"]
[White "Guido, Flavio"]
[Black "Dervishi, Erald"]
[Result "1-0"]
[WhiteElo "2327"]
[BlackElo "2523"]
[PlyCount "77"]
[EventDate "2002.08.20"]

1.e4 e5 2.Nf3 Nc6 3.Bc4 Nf6 4.d3 Be7 5.O-O O-O 6.Bb3 d6 7.c3 Kh8 8.Nbd2 
Ng8 9.d4 exd4 10.Nxd4 Bf6 11.Nxc6 bxc6 12.Re1 Ne7 13.Nc4 Ng6 14.Be3 a5 15.
Bd4 Bxd4 16.cxd4 f5 17.e5 d5 18.Nd2 Nf4 19.Nf3 Ne6 20.Rc1 Bd7 21.Ba4 Ra6 
22.Qd2 g5 23.Re3 g4 24.Ne1 c5 25.Bxd7 cxd4 26.Bxe6 dxe3 27.Qxd5 Rxe6 28.
Qxe6 Qd2 29.Qc4 exf2+ 30.Kf1 fxe1=R+ 31.Rxe1 Qxb2 32.e6 Qb4 33.Qxc7 Qb5+ 
34.Kg1 Qd5 35.Qe5+ Qxe5 36.Rxe5 a4 37.Kf2 Kg7 38.Ke3 Kf6 39.Kf4 1-0

[Event "XXII Festival Conca della Presolana Magistrale"]
[Site "Bratto - Castione della Presolana ITA"]
[Date "2002.08.25"]
[Round "6"]
[White "Khenkin, Igor"]
[Black "Epishin, Vladimir V."]
[Result "1-0"]
[WhiteElo "2598"]
[BlackElo "2643"]
[PlyCount "107"]
[EventDate "2002.08.20"]

1.d4 Nf6 2.c4 e6 3.g3 c5 4.d5 exd5 5.cxd5 b5 6.Bg2 d6 7.Nf3 g6 8.O-O Bg7 
9.e4 O-O 10.e5 dxe5 11.Nxe5 Bb7 12.Nc6 Qb6 13.Ne7+ Kh8 14.Re1 Nbd7 15.a4 
Qa5 16.Bd2 b4 17.Na3 Nb6 18.Nc6 Bxc6 19.dxc6 Rad8 20.Qc2 c4 21.c7 Rd7 22.
Nxc4 Rxc7 23.Nxa5 Rxc2 24.Bxb4 Rfc8 25.Bh3 Rg8 26.Bc3 Nfd5 27.Bxg7+ Kxg7 
28.b3 Nc3 29.Bf1 Rc8 30.Nc4 Nxc4 31.Bxc4 Rc6 32.Re3 Rd6 33.Bd3 Rb2 34.Bc4 
Rc2 35.Bd3 Rd2 36.Rc1 R6xd3 37.Rxc3 Rd7 38.Rf3 Rb7 39.g4 a5 40.Rc5 Rb2 41.
Rxa5 R7xb3 42.Rxb3 Rxb3 43.Rb5 Ra3 44.a5 h6 45.Kg2 f5 46.gxf5 g5 47.f3 Kf6
48.h3 h5 49.Kf2 Ke7 50.Ke1 Rxf3 51.a6 Ra3 52.Rb6 Ra5 53.Rh6 Rxf5 54.Rh8 
1-0

[Event "XXII Festival Conca della Presolana Magistrale"]
[Site "Bratto - Castione della Presolana ITA"]
[Date "2002.08.25"]
[Round "6"]
[White "Lapiccirella, Daniele"]
[Black "Bertino, Andrea"]
[Result "1/2-1/2"]
[WhiteElo "2097"]
[BlackElo "1915"]
[PlyCount "31"]
[EventDate "2002.08.20"]

1.d4 Nf6 2.c4 e6 3.Nf3 c5 4.dxc5 Bxc5 5.Nc3 O-O 6.e3 b6 7.Be2 Bb7 8.O-O d5
9.cxd5 Nxd5 10.Bd2 Nd7 11.a3 N7f6 12.Rc1 Rc8 13.b4 Bd6 14.Qb3 Qe7 15.Rfd1 
Rfd8 16.Be1 1/2-1/2

[Event "XXII Festival Conca della Presolana Magistrale"]
[Site "Bratto - Castione della Presolana ITA"]
[Date "2002.08.25"]
[Round "6"]
[White "Mantovani, Renzo"]
[Black "Menoni, Vincenzo"]
[Result "1-0"]
[WhiteElo "2369"]
[BlackElo "2228"]
[PlyCount "105"]
[EventDate "2002.08.20"]

1.e4 e5 2.Bc4 Nf6 3.Qe2 Nc6 4.Nf3 Bc5 5.c3 O-O 6.d3 d5 7.Bb3 h6 8.Nbd2 Be6
9.Nf1 Ng4 10.Ne3 Nxe3 11.Bxe3 Bxe3 12.fxe3 dxe4 13.dxe4 Bxb3 14.axb3 Qe7 
15.O-O a6 16.b4 Rad8 17.b5 axb5 18.Qxb5 Rd6 19.Qxb7 Kh7 20.Ra8 Rxa8 21.
Qxa8 Rf6 22.Nd2 Rg6 23.Rf2 Qc5 24.Nf1 Qc4 25.Qe8 f6 26.Nd2 Qa4 27.h3 Qa1+ 
28.Nf1 Qa6 29.Qd7 Qb6 30.Qe6 Qc5 31.Rd2 h5 32.Rf2 Qb5 33.Qf5 h4 34.Qd7 Qb6
35.b4 Nb8 36.Qd5 c6 37.Qa5 Qb7 38.Ra2 Qf7 39.Qa4 Qc4 40.b5 Qe6 41.bxc6 
Nxc6 42.Rf2 Nd8 43.Qd1 Nf7 44.Qh5+ Nh6 45.Rc2 Qc4 46.Qxh4 f5 47.Rf2 fxe4 
48.Nd2 Qxc3 49.Qxe4 Qc1+ 50.Kh2 Qe1 51.Nf3 Qxf2 52.Ng5+ Kg8 53.Qxg6 1-0

[Event "XXII Festival Conca della Presolana Magistrale"]
[Site "Bratto - Castione della Presolana ITA"]
[Date "2002.08.25"]
[Round "6"]
[White "Manzoni, Alessandro"]
[Black "Citti, Gianluca"]
[Result "1/2-1/2"]
[WhiteElo "2023"]
[BlackElo "2157"]
[PlyCount "96"]
[EventDate "2002.08.20"]

1.e4 Nc6 2.d3 e5 3.Nc3 Nf6 4.f4 d5 5.fxe5 Nxe5 6.d4 Ng6 7.e5 Ng4 8.Be2 h5 
9.Nf3 Be7 10.O-O Be6 11.Na4 Qd7 12.b3 b5 13.Nb2 c5 14.c3 c4 15.a4 bxa4 16.
Rxa4 cxb3 17.Qxb3 O-O 18.Bd2 Rfb8 19.Rb4 Bxb4 20.cxb4 a5 21.b5 a4 22.Nxa4 
Qa7 23.Nc5 Qa3 24.Qxa3 Rxa3 25.Rb1 Ne3 26.Ng5 Bf5 27.Rb2 Ra1+ 28.Kf2 Ng4+ 
29.Bxg4 Bxg4 30.b6 Ne7 31.e6 fxe6 32.Bf4 Rf8 33.g3 Nc6 34.b7 e5 35.dxe5 
Ra5 36.Nd3 Nb8 37.e6 d4 38.Kg2 Re8 39.Rc2 Rxg5 40.Bxg5 Bxe6 41.Rc5 g6 42.
Bf4 Bf5 43.Nb4 d3 44.Nxd3 Bxd3 45.Rc8 Be4+ 46.Kg1 Kf7 47.Bxb8 Bxb7 48.Rc7+
Re7 1/2-1/2

[Event "XXII Festival Conca della Presolana Magistrale"]
[Site "Bratto - Castione della Presolana ITA"]
[Date "2002.08.25"]
[Round "6"]
[White "Marchand, Francois"]
[Black "Drazic, Sinisa"]
[Result "1-0"]
[WhiteElo "2237"]
[BlackElo "2486"]
[PlyCount "152"]
[EventDate "2002.08.20"]

1.d4 Nf6 2.c4 g6 3.Nc3 d5 4.cxd5 Nxd5 5.Bd2 Bg7 6.e4 Nb6 7.Be3 O-O 8.Bb5 
a6 9.Be2 Nc6 10.d5 Ne5 11.Bd4 f6 12.f4 Nf7 13.Nf3 e5 14.dxe6 Bxe6 15.Bc5 
Re8 16.Nd4 Bc8 17.O-O Nd7 18.Ba3 c5 19.Bc4 Qb6 20.Nf5 gxf5 21.Qh5 Rf8 22.
Rf3 fxe4 23.Rh3 h6 24.Rg3 Qd6 25.Rd1 Qxf4 26.Qg6 Qxg3 27.Qxg3 f5 28.Nd5 
Kh8 29.Ne7 Nde5 30.Bxf7 Rxf7 31.Rd8+ Kh7 32.Rxc8 Rxc8 33.Nxc8 f4 34.Qe1 e3
35.Nd6 Rf6 36.Bxc5 Rg6 37.Kf1 f3 38.Qxe3 Ng4 39.Qe4 Nxh2+ 40.Kg1 Ng4 41.
Qxf3 b6 42.Ne8 bxc5 43.Nxg7 Rxg7 44.Qf5+ Rg6 45.Qxc5 Rf6 46.b4 Kg6 47.a4 
Re6 48.g3 Ne5 49.b5 axb5 50.axb5 Kf7 51.b6 Nd7 52.Qc7 Ke7 53.b7 Re1+ 54.
Kh2 Rb1 55.Kh3 Rb4 56.g4 Rb1 57.Kh4 Rh1+ 58.Kg3 Rg1+ 59.Kf4 Rf1+ 60.Ke4 
Rf8 61.Qc8 Nf6+ 62.Kf5 Nd7+ 63.Kg6 Rf6+ 64.Kh5 Rb6 65.Qc7 Rb1 66.Kxh6 Rh1+
67.Kg7 Rb1 68.g5 Rb5 69.g6 Rb1 70.Kh6 Rh1+ 71.Kg5 Rg1+ 72.Kf5 Rf1+ 73.Ke4 
Re1+ 74.Kf3 Rf1+ 75.Ke3 Rf8 76.g7 Rg8 1-0

[Event "XXII Festival Conca della Presolana Magistrale"]
[Site "Bratto - Castione della Presolana ITA"]
[Date "2002.08.25"]
[Round "6"]
[White "Marinelli, Gian Marco"]
[Black "Pagnoncelli, Marco"]
[Result "1/2-1/2"]
[WhiteElo "2060"]
[BlackElo "2101"]
[PlyCount "154"]
[EventDate "2002.08.20"]

1.e4 c5 2.Nf3 d6 3.d4 cxd4 4.Nxd4 Nf6 5.Nc3 g6 6.f3 Bg7 7.Be3 O-O 8.Qd2 
Nc6 9.g4 Nxd4 10.Bxd4 Be6 11.O-O-O Qa5 12.Kb1 Rfc8 13.Nd5 Qxd2 14.Nxf6+ 
Bxf6 15.Rxd2 Bxd4 16.Rxd4 a5 17.h4 Rc5 18.g5 b5 19.Bh3 Rac8 20.Bxe6 fxe6 
21.Rd2 Rf8 22.Rd3 Rf4 23.Kc1 h6 24.Kd2 hxg5 25.hxg5 Rxg5 26.Ke3 Rf8 27.Rc3
Kg7 28.Rc7 Rf7 29.Ra7 b4 30.Rh2 Rc5 31.Rd2 Kf6 32.Rh2 Rf8 33.f4 Rf7 34.Kd3
e5 35.Rf2 exf4 36.Rxf4+ Ke6 37.Rxf7 Kxf7 38.c3 bxc3 39.bxc3 g5 40.Rb7 g4 
41.Rb2 Kf6 42.Rf2+ Kg5 43.Rf7 e6 44.Rg7+ Kh4 45.Rg6 g3 46.Ke2 Rxc3 47.Rh6+
Kg4 48.Rxe6 Kh3 49.Rh6+ Kg2 50.Rxd6 Rc2+ 51.Ke1 Kh1 52.Rg6 g2 53.Rh6+ Kg1 
54.e5 Rc4 55.e6 Re4+ 56.Kd2 a4 57.Kd3 Re5 58.Kd4 Re1 59.Kd3 a3 60.Kd2 Re5 
61.Kd3 Kf2 62.Rf6+ Kg3 63.Rg6+ Kf3 64.Rf6+ Kg4 65.Rg6+ Rg5 66.Rxg5+ Kxg5 
67.e7 g1=Q 68.e8=Q Qb1+ 69.Kd4 Qb2+ 70.Kd3 Qb1+ 71.Kd4 Qxa2 72.Qb5+ Kh4 
73.Kc3 Qa1+ 74.Kc2 Qd4 75.Qb3 Qe4+ 76.Kc3 Qe1+ 77.Kc2 Qe4+ 1/2-1/2

[Event "XXII Festival Conca della Presolana Magistrale"]
[Site "Bratto - Castione della Presolana ITA"]
[Date "2002.08.25"]
[Round "6"]
[White "Marzano, Carlo"]
[Black "Popa, Claudiu"]
[Result "1/2-1/2"]
[WhiteElo "2258"]
[BlackElo "2081"]
[PlyCount "25"]
[EventDate "2002.08.20"]

1.d4 d5 2.Nf3 Nf6 3.Bg5 Ne4 4.Bf4 c5 5.c3 cxd4 6.cxd4 Qb6 7.Qb3 Qxb3 8.
axb3 Nc6 9.Nc3 e6 10.Bd2 Nxd2 11.Kxd2 Bb4 12.e3 Bd7 13.Bb5 1/2-1/2

[Event "XXII Festival Conca della Presolana Magistrale"]
[Site "Bratto - Castione della Presolana ITA"]
[Date "2002.08.25"]
[Round "6"]
[White "Mola, Pietro"]
[Black "Campanile, Antonio"]
[Result "1/2-1/2"]
[WhiteElo "2277"]
[BlackElo "2140"]
[PlyCount "34"]
[EventDate "2002.08.20"]

1.e4 d5 2.exd5 Qxd5 3.Nc3 Qd6 4.d4 Nf6 5.Nf3 a6 6.Be3 Bf5 7.Bd3 Bg6 8.Qd2 
Bxd3 9.Qxd3 Nc6 10.O-O-O e6 11.Rhe1 O-O-O 12.Bg5 Be7 13.Kb1 Qd7 14.h3 h6 
15.Bh4 g5 16.Bg3 Bd6 17.Bxd6 Qxd6 1/2-1/2

[Event "XXII Festival Conca della Presolana Magistrale"]
[Site "Bratto - Castione della Presolana ITA"]
[Date "2002.08.25"]
[Round "6"]
[White "Moncelli, Giorgio"]
[Black "Grooten, Herman"]
[Result "0-1"]
[WhiteElo "2155"]
[BlackElo "2375"]
[PlyCount "102"]
[EventDate "2002.08.20"]

1.e4 c6 2.d4 d5 3.e5 Bf5 4.Nf3 e6 5.Be2 Bg6 6.O-O Nd7 7.c3 Nh6 8.Nbd2 Be7 
9.Re1 Nf5 10.Nf1 h5 11.Ne3 h4 12.h3 Nf8 13.c4 Nxe3 14.Bxe3 dxc4 15.Bxc4 
Nd7 16.Bd3 Bxd3 17.Qxd3 Nb6 18.a3 Rh5 19.Rad1 Qd5 20.Qc2 O-O-O 21.b4 f5 
22.exf6 gxf6 23.Bf4 Rf5 24.Bc1 Rxf3 25.gxf3 Rg8+ 26.Kf1 Qxf3 27.Re3 Qg2+ 
28.Ke2 Nd5 29.Rf3 Kd7 30.Qd3 a6 31.Bd2 f5 32.Re1 Qh2 33.Kd1 Bf6 34.a4 b5 
35.axb5 axb5 36.Qe2 Qd6 37.Ra3 Bxd4 38.Rd3 e5 39.Qh5 Qf6 40.Be3 Bc3 41.Bd2
Bxd2 42.Rxd2 e4 43.Qh7+ Rg7 44.Qh8 Qa1+ 45.Ke2 Qc3 46.Qxh4 Kc7 47.Qh6 Qf3+
48.Kf1 Qh1+ 49.Ke2 Nc3+ 50.Ke3 Qxe1+ 51.Kd4 Rd7+ 0-1

[Event "XXII Festival Conca della Presolana Magistrale"]
[Site "Bratto - Castione della Presolana ITA"]
[Date "2002.08.25"]
[Round "6"]
[White "Piantoni, Roberto"]
[Black "Temi, Walter"]
[Result "1-0"]
[WhiteElo "2171"]
[BlackElo "2073"]
[PlyCount "87"]
[EventDate "2002.08.20"]

1.d4 Nf6 2.Nf3 g6 3.Bg5 Bg7 4.Nbd2 d6 5.e4 Nbd7 6.Bc4 e5 7.c3 Qe7 8.O-O 
O-O 9.Re1 h6 10.Bh4 c5 11.dxe5 dxe5 12.a4 Rd8 13.a5 Nf8 14.Qb3 Be6 15.Bxe6
Qxe6 16.Qxe6 Nxe6 17.Nc4 g5 18.Bg3 b5 19.axb6 axb6 20.Rxa8 Rxa8 21.Nxb6 
Ra2 22.Nc4 Nxe4 23.Bxe5 g4 24.Bxg7 Kxg7 25.Rxe4 Ng5 26.Re3 gxf3 27.gxf3 
Kf6 28.Kg2 Ne6 29.Re4 Ng5 30.Rf4+ Kg7 31.Kg3 Ne6 32.Re4 Ra1 33.h4 Rg1+ 34.
Kh3 Rf1 35.Kg2 Rb1 36.f4 Kf6 37.h5 Ng7 38.Re5 Ne6 39.Kf3 Rh1 40.Ke3 Rh3+ 
41.Ke4 Rh4 42.Rf5+ Ke7 43.Ne5 Nd8 44.Nf3 1-0

[Event "XXII Festival Conca della Presolana Magistrale"]
[Site "Bratto - Castione della Presolana ITA"]
[Date "2002.08.25"]
[Round "6"]
[White "Pienabarca, Nicola"]
[Black "Piva, Giorgio"]
[Result "1/2-1/2"]
[WhiteElo "2062"]
[BlackElo "2135"]
[PlyCount "128"]
[EventDate "2002.08.20"]

1.d4 d5 2.Nf3 Nc6 3.g3 Bg4 4.Bg2 Qd7 5.O-O O-O-O 6.c3 f6 7.b4 g5 8.Nbd2 h5
9.Qa4 h4 10.b5 Nb8 11.Nb3 hxg3 12.fxg3 e6 13.Ba3 Bxa3 14.Qxa3 Qh7 15.Qxa7 
Bxf3 16.Rxf3 Rd6 17.c4 Rb6 18.a4 dxc4 19.Na5 Qc2 20.Rff1 Qd2 21.Bxb7+ Kd7 
22.Qxb8 Qxa5 23.Bc6+ Rxc6 24.bxc6+ Ke7 25.Qc8 Kf7 26.Qb8 g4 27.Qb5 Qd2 28.
Qe5 c3 29.Qxc7+ Ne7 30.Qf4 Qxf4 31.Rxf4 Rc8 32.e4 Rxc6 33.Rc1 Rc4 34.d5 e5
35.Rxg4 Nxd5 36.exd5 Rxg4 37.Rxc3 Rxa4 38.Rc7+ Kg6 39.d6 Rd4 40.d7 Kf5 41.
Kg2 Rd3 42.Kf2 Ke6 43.g4 Ke7 44.h4 Rd4 45.d8=Q+ Kxd8 46.Rg7 Rd2+ 47.Kf3 
Ke8 48.h5 Kf8 49.Ra7 Rd3+ 50.Kg2 Kg8 51.h6 Rd2+ 52.Kf3 Rd1 53.Kg2 Rd2+ 54.
Kh3 Rd1 55.Rg7+ Kh8 56.Kg2 Rd2+ 57.Kf3 Rh2 58.Rg6 Kh7 59.Rxf6 Rxh6 60.Rf5 
Re6 61.Ke4 Kg6 62.Rxe5 Rxe5+ 63.Kxe5 Kg5 64.Ke4 Kxg4 1/2-1/2

[Event "XXII Festival Conca della Presolana Magistrale"]
[Site "Bratto - Castione della Presolana ITA"]
[Date "2002.08.25"]
[Round "6"]
[White "Podini, Francesco"]
[Black "Paoli, Enrico"]
[Result "1-0"]
[WhiteElo "2054"]
[BlackElo "1973"]
[PlyCount "35"]
[EventDate "2002.08.20"]

1.e4 e5 2.Bc4 Nf6 3.d4 Nc6 4.Nf3 Qe7 5.O-O d6 6.h3 g6 7.Nc3 exd4 8.Nxd4 
Ne5 9.Bb3 c5 10.f4 cxd4 11.fxe5 Qxe5 12.Bf4 Qc5 13.Na4 Qc7 14.Qxd4 Bg7 15.
Bxd6 Qd8 16.e5 Be6 17.Bxe6 fxe6 18.exf6 1-0

[Event "XXII Festival Conca della Presolana Magistrale"]
[Site "Bratto - Castione della Presolana ITA"]
[Date "2002.08.25"]
[Round "6"]
[White "Radice, Luca"]
[Black "Rosin, Federico"]
[Result "1-0"]
[WhiteElo "2064"]
[BlackElo "2127"]
[PlyCount "89"]
[EventDate "2002.08.20"]

1.d4 d5 2.c4 Nc6 3.Nf3 Bg4 4.cxd5 Bxf3 5.gxf3 Qxd5 6.e3 e5 7.Nc3 Bb4 8.Bd2
Bxc3 9.bxc3 exd4 10.cxd4 Nf6 11.Bg2 O-O 12.O-O Rad8 13.Qb3 Ne7 14.Rfc1 Qh5
15.Bb4 Ng6 16.Bxf8 Nh4 17.Qd1 Qg5 18.Qf1 Kxf8 19.Rc5 Qg6 20.Kh1 Nd5 21.f4 
c6 22.f5 Qg4 23.h3 Qg5 24.Bxd5 cxd5 25.Qg1 Qxf5 26.Qg3 Qe4+ 27.Kg1 Nf3+ 
28.Kf1 g5 29.Rd1 Kg7 30.Ke2 b6 31.Rcc1 Nh4 32.Qxg5+ Ng6 33.f3 Qe8 34.Kf2 
Qd7 35.Qg4 Qd6 36.Rg1 Qa3 37.Rc2 Qd3 38.Re2 Qb5 39.h4 h5 40.Qxh5 Qc6 41.
Qg4 Qe6 42.Qg3 Qf6 43.h5 Rh8 44.hxg6 fxg6 45.Qe5 1-0

[Event "XXII Festival Conca della Presolana Magistrale"]
[Site "Bratto - Castione della Presolana ITA"]
[Date "2002.08.25"]
[Round "6"]
[White "Rebeggiani, Andrea"]
[Black "Mazzariol, Oscar"]
[Result "0-1"]
[WhiteElo "2003"]
[BlackElo "2151"]
[PlyCount "66"]
[EventDate "2002.08.20"]

1.e4 g6 2.d4 Bg7 3.Nc3 c6 4.f4 d5 5.e5 h5 6.Nf3 Nh6 7.Be3 Nf5 8.Bf2 a5 9.
Bd3 Na6 10.Ne2 Qb6 11.Rb1 Nb4 12.c3 Nxd3+ 13.Qxd3 Qc7 14.O-O b6 15.Qd2 O-O
16.Ng3 Nxg3 17.Bxg3 Bh6 18.Qf2 Bf5 19.Ra1 Qd7 20.Rfe1 Ra7 21.Qe3 Rc8 22.
Ng5 Bxg5 23.fxg5 c5 24.Rac1 Qe6 25.dxc5 bxc5 26.b4 axb4 27.cxb4 Rxa2 28.
Rxc5 Rca8 29.Qd4 Be4 30.Rxe4 dxe4 31.Qxe4 Ra1+ 32.Be1 Rd8 33.Rc6 Rxe1+ 0-1

[Event "XXII Festival Conca della Presolana Magistrale"]
[Site "Bratto - Castione della Presolana ITA"]
[Date "2002.08.25"]
[Round "6"]
[White "Romanishin, Oleg M."]
[Black "Di Paolo, Raffaele"]
[Result "1-0"]
[WhiteElo "2559"]
[BlackElo "2319"]
[PlyCount "77"]
[EventDate "2002.08.20"]

1.d4 Nf6 2.Nf3 g6 3.g3 Bg7 4.Bg2 O-O 5.c4 d6 6.O-O Nc6 7.Nc3 a6 8.b3 Rb8 
9.Nd5 Ne4 10.Bb2 f5 11.Rc1 e6 12.Nf4 Qe8 13.Nd3 Ne7 14.Nd2 Nf6 15.Re1 Qf7 
16.e4 fxe4 17.Nxe4 Nxe4 18.Rxe4 Nf5 19.Qe2 g5 20.f4 h6 21.Rf1 Qg6 22.fxg5 
hxg5 23.Rg4 Nh6 24.Rxf8+ Bxf8 25.Re4 Nf5 26.Qd2 Be7 27.Nf2 Bd7 28.Re1 b5 
29.Qa5 Rb6 30.c5 dxc5 31.dxc5 Bxc5 32.Qc3 Bd4 33.Qxc7 Rd6 34.Bxd4 Rxd4 35.
Ne4 Be8 36.Qe5 Rd8 37.Nf6+ Kf8 38.Qc5+ Kg7 39.Qc7+ 1-0

[Event "XXII Festival Conca della Presolana Magistrale"]
[Site "Bratto - Castione della Presolana ITA"]
[Date "2002.08.25"]
[Round "6"]
[White "Salami, Marco"]
[Black "Galli, Fabio"]
[Result "1-0"]
[WhiteElo "2206"]
[BlackElo "2087"]
[PlyCount "79"]
[EventDate "2002.08.20"]

1.e4 c5 2.Nf3 Nc6 3.Bb5 d6 4.O-O Bd7 5.c3 Nf6 6.Re1 e6 7.d4 a6 8.Bf1 cxd4 
9.cxd4 Be7 10.Nc3 O-O 11.d5 exd5 12.exd5 Na7 13.a4 Re8 14.Qb3 Qc7 15.h3 
Bf8 16.Be3 Nc8 17.a5 h6 18.Rec1 Qb8 19.Bd3 Kh8 20.Bd4 Ng8 21.Ne4 Nce7 22.
Bb6 Rc8 23.Bc4 Ng6 24.Rd1 Be7 25.Bd4 f5 26.Ng3 Ne5 27.Bxe5 dxe5 28.d6 Bxd6
29.Bxg8 e4 30.Nh4 Rxg8 31.Nhxf5 Bxf5 32.Nxf5 Bc5 33.Qd5 Qa7 34.Qxe4 Bxf2+ 
35.Kh1 Rge8 36.Qg4 b6 37.axb6 Bxb6 38.Rd6 Rad8 39.Rxb6 Qxb6 40.Qxg7# 1-0

[Event "XXII Festival Conca della Presolana Magistrale"]
[Site "Bratto - Castione della Presolana ITA"]
[Date "2002.08.25"]
[Round "6"]
[White "Scotti, Umberto"]
[Black "Aglietti, Graziano"]
[Result "1/2-1/2"]
[WhiteElo "2166"]
[BlackElo "2069"]
[PlyCount "73"]
[EventDate "2002.08.20"]

1.d4 Nf6 2.Nf3 d5 3.e3 e6 4.Bd3 Be7 5.Nbd2 O-O 6.O-O c5 7.c3 Nc6 8.Qe2 Qc7
9.dxc5 Bxc5 10.e4 Ne5 11.Nxe5 Qxe5 12.Nf3 Qh5 13.e5 Ng4 14.h3 Nh6 15.Bxh7+
Kh8 16.Bc2 Nf5 17.Bxf5 Qxf5 18.Be3 Be7 19.Rad1 Bd7 20.Bd4 Rfc8 21.Rfe1 b5 
22.b4 a5 23.a3 axb4 24.axb4 Ra4 25.Rd3 Rca8 26.Bc5 Bxc5 27.bxc5 Rc8 28.Nd4
Qh7 29.Rf3 Qh5 30.c6 Bxc6 31.Nxc6 Rxc6 32.Qxb5 Rac4 33.Qb7 Rc7 34.Qb8+ Rc8
35.Qb7 R8c7 36.Qb8+ Rc8 37.Qb7 1/2-1/2

[Event "XXII Festival Conca della Presolana Magistrale"]
[Site "Bratto - Castione della Presolana ITA"]
[Date "2002.08.25"]
[Round "6"]
[White "Skembris, Spyridon"]
[Black "Ranieri, Fabrizio"]
[Result "1-0"]
[WhiteElo "2431"]
[BlackElo "2161"]
[PlyCount "61"]
[EventDate "2002.08.20"]

1.c4 e6 2.d4 d5 3.Nf3 Nf6 4.Nc3 Nbd7 5.Bg5 c6 6.e3 Qa5 7.Bxf6 Nxf6 8.Nd2 
Bb4 9.Qb3 O-O 10.a3 Bd6 11.c5 Be7 12.f4 b6 13.Qb4 Qxb4 14.axb4 Bd7 15.Ba6 
Rab8 16.Na4 b5 17.Nc3 Ng4 18.Ke2 e5 19.dxe5 Nh6 20.Nf3 f6 21.Rhd1 Bg4 22.
h3 Bxf3+ 23.gxf3 fxe5 24.fxe5 Rf5 25.f4 g5 26.Bxb5 cxb5 27.Nxd5 Bd8 28.c6 
gxf4 29.exf4 Rf7 30.Rg1+ Kf8 31.e6 1-0

[Event "XXII Festival Conca della Presolana Magistrale"]
[Site "Bratto - Castione della Presolana ITA"]
[Date "2002.08.25"]
[Round "6"]
[White "Tirrito, Luca"]
[Black "Lapiccirella, Mattia"]
[Result "0-1"]
[WhiteElo "2081"]
[BlackElo "2192"]
[PlyCount "74"]
[EventDate "2002.08.20"]

1.e4 c5 2.Na3 Nc6 3.Bb5 Nf6 4.d3 g6 5.f4 Nd4 6.Ba4 Bg7 7.c3 Nc6 8.Nf3 O-O 
9.O-O d5 10.Bxc6 bxc6 11.e5 Ne8 12.Nc2 Rb8 13.Be3 Qa5 14.b4 cxb4 15.cxb4 
Qc7 16.Bc5 f6 17.d4 Bg4 18.Ne3 Bxf3 19.Rxf3 Qd7 20.Qe2 Nc7 21.Bxa7 Rxb4 
22.Bc5 Rb7 23.Rc1 Ne6 24.Qd3 fxe5 25.fxe5 Rxf3 26.gxf3 Rb2 27.Qa3 Rb8 28.
Ng4 h5 29.Nf2 Nf4 30.Re1 Qf5 31.Bxe7 Bf8 32.Qa7 Rb1 33.Kf1 Qc2 34.Rxb1 
Qxb1+ 35.Nd1 Qxd1+ 36.Kf2 Qe2+ 37.Kg3 Qg2+ 0-1